Statistics for American Countries by First 2 Letters

Click here to take the quiz!

General Stats

  • This quiz has been taken 8,162 times
  • The average score is 30 of 35

Answers on the Map

Answers color-coded by a green-red scale on the quiz's map according to % correct below.
Loading ...
 

Answer Stats

Country% Correct
United States
99%
Canada
99%
Mexico
99%
Brazil
98%
Argentina
96%
Paraguay
96%
Panama
96%
Chile
95%
Colombia
95%
Costa Rica
95%
Cuba
93%
Guatemala
92%
Peru
92%
Guyana
92%
Uruguay
90%
Venezuela
90%
Bolivia
90%
Ecuador
86%
Suriname
83%
Nicaragua
82%
Haiti
82%
Bahamas
81%
Dominica
81%
Dominican
Republic
81%
Honduras
81%
Barbados
81%
Belize
80%
El Salvador
75%
Jamaica
74%
Saint Kitts
and Nevis
73%
Saint Lucia
73%
Saint Vincent
and the
Grenadines
73%
Trinidad and
Tobago
54%
Antigua and
Barbuda
53%
Grenada
50%

Score Distribution

Percentile by Number Answered

Percent of People with Each Score

Your Score History

You have not taken this quiz